| 000 | 00648cam a2200217 a 4500 | ||
|---|---|---|---|
| 001 | 000011525 | ||
| 005 | 20200929162459.0 | ||
| 008 | 740128r19711971enka 001 0 eng | ||
| 020 | _a0582449103 | ||
| 040 |
_aDO-SdBNP _beng _cLC _dBNPHU |
||
| 050 | 0 | 0 |
_aTJ778 _b.C6 |
| 082 |
_a621.433 _bC678g |
||
| 100 | 1 |
_aCohen, Henry, _dSept. 29, 1921- _927261 |
|
| 245 | 1 | 0 |
_aGas turbine theory / _cH. Cohen y G. F. C. Rogers. |
| 260 |
_aLondon : _bLongmans Group Limited, _c1971. |
||
| 300 |
_a291 p. : _bil. ; _c23 cm. |
||
| 650 | 0 |
_aGas-turbines. _927262 |
|
| 700 | 1 |
_aRogers, G. F. C. _q(Gordon Frederick Crichton) _927263 |
|
| 910 | _aDC | ||
| 049 | _aBNGR | ||
| 999 |
_c11221 _d11221 |
||